La bella y la bestia
Shranjeno v:
| Glavni avtor: | |
|---|---|
| Format: | Knjiga |
| Jezik: | španščina |
| Izdano: |
Córdoba
Eudecor
1966
|
| Izdaja: | 1a. ed |
| Serija: | Arte y Sociedad, 1
|
| Teme: | |
| Oznake: |
Označite
Brez oznak, prvi označite!
|
MARC
| LEADER | 00000cam a2200000 a 4500 | ||
|---|---|---|---|
| 001 | UCE9134 | ||
| 003 | CL-VaPUC | ||
| 008 | 150928e19660000ag |||||||||||||||||spa|d | ||
| 082 | 0 | 4 | |a 701.17 |b REA |2 21 |
| 100 | 0 | |a Read, Herbert |e author |9 581852 | |
| 245 | 1 | 3 | |a La bella y la bestia |
| 250 | |a 1a. ed | ||
| 300 | |a 65 p | ||
| 942 | |c BK | ||
| 945 | |d 20150928 14:02:00 |a gsalatino | ||
| 260 | |a Córdoba |b Eudecor |c 1966 | ||
| 650 | 0 | |a Estética |9 264950 | |
| 650 | 0 | |a Crítica e interpretación |9 255042 | |
| 650 | 0 | |a Belleza |9 265712 | |
| 651 | 7 | |a REINO UNIDO |2 CL-VaPUC |9 388523 | |
| 583 | |a last modification |c 20161102 10:29:46 |k Rodrigo Vera | ||
| 490 | 0 | |a Arte y Sociedad, 1 | |
| 999 | |c 360832 |d 360830 | ||
| 952 | |0 0 |1 0 |3 erb |4 0 |6 701_170000000000000_REA_1966 |7 0 |8 A |9 470805 |a BIBART |b BIBART |i 5200504 |l 4 |m 4 |o 701.17 REA 1966 |p 5200504 |r 2025-03-17 |s 2025-03-10 |w 2019-11-23 |y BK |z Catalogado en:20150928 |k ART | ||